LEADER 01295nam a2200289 a 4500 001 000000140005 003 CaOOAMICUS 005 20141007104908.0 008 141007s2013 fr u100 u fre r 020 $z9782204100212* 040 $aPUL$bita 100 1 $aWüthrich, Serge.$0(OLS)http://pul/name/90268 245 10$aNaitre de mourir :$bla crucifixion de Jésus dans l'Évangile de Matthieu: lecture sémiotique /$cSerge Wüthrich. 260 $aParis :$bCerf,$c2013. 300 $a188 p. ;$c22 cm 490 1 $aLectio divina ;$v259 504 $aInclude riferimenti bibliografici ed indice. 600 04$aIesus Christus$xCrocifissione.$0(OLS)http://pul/subject/22764 630 04$aBiblia.$pN.T.$pMatthaeus$xCritica e interpretazione.$0(OLS)http://pul/subject/37789 830 0$aLectio divina ;$v259.$0(OLS)http://pul/title/3461 850 $aPUL 852 $aPUL$W1$xSL Religione 1$y3$m9 I 259$j161728$qStampati$B161177$CPULBib$Z2$F161177 $H124743 $82 941 1 $a8 996 $6020$z9782204100212*$9(OLS)http://pul/number/156089 996 $6245$aNaitre de mourir :$bla crucifixion de Jésus dans l'Évangile de Matthieu: lecture sémiotique$9(OLS)http://pul/title/177232 996 $6260$aParis :$bCerf$9(OLS)http://pul/publisher/48238 LEADER 01430nam a2200277 a 4500 001 000000141113 003 CaOOAMICUS 005 20150113105817.0 008 150113s1970 it u000 u ita r 040 $aPUL$bita 100 1 $aTraniello, Francesco.$0(OLS)http://pul/name/5614 245 10$aCattolicesimo conciliatorista :$breligione e cultura nella tradizione rosminiana lombardo-piemontese (1825-1870) /$cFrancesco Traniello. 260 $aMilano :$bMarzorati,$c1970. 300 $a338 p. ;$c24 cm 490 1 $aStudi sul pensiero filosofico e religioso dei secoli XIX e XX ;$v16 600 14$aRosmini Serbati, Antonio,$cI.D.C.,$d1797-1855$xPensiero politico e sociale.$0(OLS)http://pul/subject/9559 650 4$aCattolicesimo$zItalia$ySec. XIX.$0(OLS)http://pul/subject/19585 710 2 $aUniversità degli studi di Genova.$0(OLS)http://pul/name/32020 830 0$aStudi sul pensiero filosofico e religioso dei secoli XIX e XX ;$v16.$0(OLS)http://pul/title/4642 850 $aPUL 852 $aPUL$W1$xDP1 Fondo Capitani$y116$m3 B 13$j98694$qFondi$B162632$CPULBib$Z2$F162632 $HCap744 $82 941 1 $a1 961 $aDedica autografa dell'A. 996 $6245$aCattolicesimo conciliatorista :$breligione e cultura nella tradizione rosminiana lombardo-piemontese (1825-1870)$9(OLS)http://pul/title/178573 996 $6260$aMilano :$bMarzorati$9(OLS)http://pul/publisher/49236